LEADER 01076nam a22002651i 4500 001 991004228859707536 005 20031011094707.0 008 031111s1958 uika||||||||||||||||eng 035 $ab12556294-39ule_inst 035 $aARCHE-058956$9ExL 040 $aDip.to Lingue$bita$cA.t.i. Arché s.c.r.l. Pandora Sicilia s.r.l. 082 04$a914.0428 100 1 $aFedden, Henry Romilly$0458652 245 10$aEnglish travellers in the Near East /$cby Robin Fedden 260 $aLondon ;$aNew York ;$aToronto :$bThe British council and the national Book league by Longmans, Green & Co.,$c1958 300 $a44 p. :$b1 tav. ;$c21 cm 440 0$aWriters and their work 650 4$aViaggiatori inglesi 651 4$aInghilterra$xDescrizioni e viaggi 907 $a.b12556294$b02-04-14$c13-11-03 912 $a991004228859707536 945 $aLE012 Ist 2/3 FE 1$g1$i2012000202252$lle012$o-$pE0.00$q-$rl$s- $t0$u0$v0$w0$x0$y.i13008328$z13-11-03 996 $aEnglish travellers in the Near East$9174749 997 $aUNISALENTO 998 $ale012$b13-11-03$cm$da $e-$feng$guik$h0$i1 LEADER 01118nam a2200325 i 4500 001 991000988919707536 005 20020507104819.0 008 970307s1980 us ||| | eng 020 $a0306651815 035 $ab10157943-39ule_inst 035 $aLE00640258$9ExL 040 $aDip.to Fisica$bita 084 $a53(083) 084 $a53.7.5 084 $a620.1 084 $aTN693.H4S313 100 1 $aSamsonov, G.V.$0462274 245 10$aHandbook of refractory compounds /$cG.V. Samsonov and I.M. Vinitskii 260 $aNew York :$bIFI/Plenum,$cc1980 300 $axii, 555 p. :$bill. ;$c24 cm. 490 0 $aIFI Data Base Library 500 $aIncludes bibliography and index. 650 4$aHeat-Resistant materials-Handbooks, manuals, etc. 700 1 $aVinitskii, I.M. 907 $a.b10157943$b17-02-17$c27-06-02 912 $a991000988919707536 945 $aLE006 53.7.4+53.7.7 SAM$g1$i2006000082433$lle006$o-$pE0.00$q-$rl$s- $t0$u0$v0$w0$x0$y.i10191616$z27-06-02 996 $aHandbook of refractory compounds$9187346 997 $aUNISALENTO 998 $ale006$b01-01-97$cm$da $e-$feng$gus $h0$i1